Normal view MARC view
  • Kerschensteiner, Georg,

Entry Nombre Personal

Number of records used in: 5

001 - NUMERO DE CONTROL

  • campo de control: 28827

003 - IDENTIFICADOR DE NUMERO DE CONTROL

  • campo de control: DLC

005 - FECHA Y HORA DE LA ÜLTIMA TRANSACCIÓN

  • campo de control: 20221027152615.0

008 - DATOS DE LONGITUD FIJA

  • campo de control de longitud fija: 811012n| acannaabn |b aaa

010 ## - NÚMERO DE CONTROL DE LA BIBLIOTECA DEL CONGRESO

  • Número de control LC: n 81081370

035 ## - NUMERO DE CONTROL

  • Número de control: (OCoLC)oca00626623

040 ## - FUENTE DE CATALOGACIÓN

  • Agencia original de catalogación: DLC
  • Lenguaje de catalogación: spa
  • Agencia de transcripción: DLC
  • Agencia que lo modifica: CSt-HC
  • Agencia que lo modifica: OCoLC
  • Agencia que lo modifica: MX-MxUPN

100 1# - ENCABEZAMIENTO - NOMBRE PERSONAL

  • Nombre personal: Kerschensteiner, Georg,
  • Fechas asociadas con el nombre: 1854-1932

400 1# - VEÁSE - NOMBRE DE PERSONA

  • Control subfield: nnaa
  • Personal name: Kerschensteiner, Georg Michael Anton,
  • Dates associated with a name: 1854-1932

400 1# - VEÁSE - NOMBRE DE PERSONA

  • Personal name: Kerschensteiner, Jorge,

670 ## - FUENTE EN LA QUE SE LOCALIZARON DATOS

  • Cita de la fuente: Muśag ṿe-ḥinukh be-ofi, 1928 or 1929:
  • Información localizada: t.p. (Geʼorg Ḳershenshṭainer)

670 ## - FUENTE EN LA QUE SE LOCALIZARON DATOS

  • Cita de la fuente: Concepto de la escuela del trabajo, 1927:
  • Información localizada: portada (Jorge Kerschensteiner)

902 ## - CATALOGADOR

  • Catalogador: Víctor Ruiz/271022